العرب فى اسرائيل: (Record no. 12365)
[ view plain ]
| 000 -الفاتح | |
|---|---|
| حقل البيانات ثابتة الطول | 00969nam a22002057a 4500 |
| 008 - عناصر البيانات ثابتة الطول - معلومات عامة | |
| حقل البيانات ثابتة الطول | 090719t xxu||||| |||| 00| 0 ara d |
| 020 ## - الرقم الدولى المعيارى للكتب | |
| الرقم الدولى المعيارى للكتاب | 9789953822181 |
| 082 ## - رقم تصنيف ديوى العشرى | |
| رقم الطبعة | 21 |
| رقم التصنيف | 305.892 |
| رقم المادة | ب ش أ |
| 100 1# - المدخل الرئيسى - إسم شخصى | |
| 9 (RLIN) | 8059 |
| الإسم الشخصى | بشارة ، عزمى |
| 245 12 - بيان العنوان | |
| العنوان | العرب فى اسرائيل: |
| بقية العنوان | رؤية من الداخل/ |
| بيان المسئوليه,etc | عزمى بشارة |
| 246 ## - العنوان الموازى | |
| عنوان صحيح/عنوان مختصر | بيروت: |
| بقية العنوان | مركز دراسات الوحدة العربية، |
| الوسيط | 2008 |
| 250 ## - بيان الطبعة | |
| بيان الطبعة | ط 3. |
| بقية بيان الطبعة | مزيدة ومنفحة |
| 300 ## - الوصف المادى | |
| التعداد | 280 ص ؛ |
| أبعاد الوعاء | 24 سم |
| 500 ## - تبصرة عامة | |
| تبصرة عامة | يشتمل على كشاف |
| 504 ## - تبصرة ببليوجرافية | |
| تبصرة ببليوجرافية,الخ | يشتمل على ارجاعات ببليوجرافية(ص 267-270 |
| 650 ## - المدخل الاضافى بالموضوع-مصطلح موضوعى | |
| 9 (RLIN) | 8060 |
| مصطلح موضوعي أو اسم جغرافي كعنصر مدخل | العرب فى اسرائيل |
| 650 ## - المدخل الاضافى بالموضوع-مصطلح موضوعى | |
| 9 (RLIN) | 15086 |
| مصطلح موضوعي أو اسم جغرافي كعنصر مدخل | النزاع العربي الإسرائيلي |
| 942 ## - عناصر المدخل الإضافي( كوها) | |
| مصدر التصنيف او مخطط الترفيف | Dewey Decimal Classification |
| Koha [default] item type | Book - Borrowing |
| حالة التراجع | حالة الفقد | مصدر التصنيف او خطة الترفيف | حالة تلف | ليس للاعارة | مجموعات كوها | المكان الدائم | المكان الحالي | موقع الترفيف | تاريخ الاكتساب | Source of acquisition | سعر الشراء الطبيعي | تعداد مسلسل / التسلسل الزمني | رقم الاستدعاء | الباركود | Date last seen | مُعار | نوع الوعاء |
|---|---|---|---|---|---|---|---|---|---|---|---|---|---|---|---|---|---|
| Dewey Decimal Classification | M. Arabic Studies | Central Library | Central Library | First floor | 19/07/2009 | 60.00 | 7013 | 305.892 بشا | 000017529 | 15/07/2025 | 19/12/2010 | Book - Borrowing |